000 00650nam a2200217Ia 4500
005 20241129120231.0
008 241129s9999||||xx |||||||||||||| ||und||
020 _a9780262044233
037 _aTB
040 _aSDCL
_beng
_cSDCL
041 _aeng
_2eng
084 _aX:71, R0
_qSDCL
100 _aEspinola-Arredondo ,Anna; Munoz-Garcia Felix
_9729484
245 0 _aIntermediate microeconomic theory: Tools and step-by-step examples
260 _aCambridge
_bThe MIT Press
_c2020
300 _axxiii,478p.
365 _aUSD
_b100
650 _aBusiness Economics and Finance
942 _cTB
_hX:71, R0
999 _c1233929
_d1233929